000 00583nam a2200181Ia 4500
008 151202s9999||||xx |||||||||||||| ||und||
082 _bPNVM-46132
100 _aप्रभावळकर दिलीप.
245 _aहाऊज दॅट !.
260 _b"अक्षर प्रकाशन,मुंबई."
260 _c2005
300 _a152
600 _aप्रभावळकर दिलीप.
630 _aहाऊज दॅट !.
700 _aप्रभावळकर दिलीप.
730 _aहाऊज दॅट !.
942 _cBOOK
999 _c1312082
_d1312079